000
00329nam a22001457a 4500
008
210519b ||||| |||| 00| 0 eng d
020
_a
0070568995
041
_a
eng
080
_2
5th
_a
621
082
_a
621
100
_a
26
101
_a
MEK
245
_a
Mechanical Engineering Design
_c
Joseph E. Shigley
942
_2
udc
_c
BK
999
_c
57483
_d
57483